| 000 | 00623nam a2200193 i 4500 | ||
|---|---|---|---|
| 001 | 141830 | ||
| 003 | ES-MaACL | ||
| 005 | 20230906200358.0 | ||
| 007 | t| | ||
| 008 | 070928s1915 sp ||||1| spa d | ||
| 080 | _a314.743(460)"19" | ||
| 100 | 1 |
_aViñals y Torrero, Francisco. _9115364 |
|
| 245 | 1 | 0 |
_aPasaje para ultramar _b: breves apuntes acerca de la emigración española / _cpor F. Viñals y Torrero. |
| 250 | _a2ª ed. aum. | ||
| 260 |
_aMadrid : _b[s.n.], _c[1915] ( _fImp. de Jaime Ratés) |
||
| 300 |
_a60 p. ; _c20 cm. |
||
| 651 | 4 |
_aEspaña- _xEmigración- _yS.XX. _98193 |
|
| 852 |
_aES-MaACL _jFol-Laf-335 |
||
| 999 |
_c141830 _d141830 |
||